00567nam a2200157Ia 4500008004100000020001800041040001300059082001900072100001600091245009200107260004800199300002500247500006300272650003800335650003600373191130s2007##################000#0#eng## a9780521108386 aACLcACL a355.033041 PED aPeden, G. C aArms, economics and British strategy : from dreadnoughts to hyrdrogen bombscG.C. Peden aCambridgebCambridge Univeristy Pressc2007 axiii, 384 p. ; 24 cm aIncludes bibliographical references (p. 352-366) and index aGreat Britain - History, Military aGreat Britain - Military policy